Statistics for Fiji Islands

Click here to take the quiz!

General Stats

  • This quiz has been taken 84 times
    (26 since last reset)
  • The average score is 4 of 6

Answer Stats

Island% Correct
Viti Levu
90%
Vanua Levu
85%
Kadavu
65%
Taveuni
55%
Lau Group
50%
Fijian Islands
10%

Score Distribution

Percentile by Number Answered

Percent of People with Each Score

Your Score History

You have not taken this quiz since the last reset